000 00951nam a2200301Ia 4500
003 GCL
008 140319s9999 xx 000 0 ara d
040 _aGCL /
_cGCL
082 0 4 _a638.1
_bك ن
100 1 _aكاشف، كارل فون
245 1 0 _aالنحل الراقص : دراسة عن نحلة العسل حياتها وحواسها (هديه من الآديب عبدالفتاح الجمل) /
_cكاشف، كارل فون
700 1 _aاحمد حسن كاشف
700 1 _aعبدالخالق وفا (مراجعه)
300 _a232
490 _aالالف كتاب
_v0
650 0 4 _aعسل النحل
650 0 4 _aالحشرات
650 0 4 _aالنحل
650 0 4 _aالانفاق
650 0 4 _aالسمع
650 0 4 _aالحشرات النافعة
650 0 4 _aالشمس
650 0 4 _aالحواس
650 0 4 _aالانف
650 0 4 _aالشم
650 0 4 _aالعين فسيولوجيا
942 _2ddc
_cBK
999 _c42837
_d42837